Thông tin mới về quản lý vườn cây ăn quả nhiệt đới cho các tỉnh phía Nam (Tài liệu tập huấn)

保存先:
書誌詳細
フォーマット: 図書
言語:Undetermined
出版事項: Trung Tâm Cây ăn quả Long Định 1997
主題:
タグ: タグ追加
タグなし, このレコードへの初めてのタグを付けませんか!
Thư viện lưu trữ: Trung tâm Học liệu Trường Đại học Cần Thơ
LEADER 00533nam a2200145Ia 4500
001 CTU_38950
008 210402s9999 xx 000 0 und d
082 |a 634.6 
082 |b Th455 
245 0 |a Thông tin mới về quản lý vườn cây ăn quả nhiệt đới cho các tỉnh phía Nam (Tài liệu tập huấn) 
260 |b Trung Tâm Cây ăn quả Long Định 
260 |c 1997 
650 |a tropical fruit 
904 |i Liên, 000519 
980 |a Trung tâm Học liệu Trường Đại học Cần Thơ